| 000 | 00361nam a22001337a 4500 | ||
|---|---|---|---|
| 082 |
_a345.5491 _bMAH |
||
| 100 | _aMahmood, Shaukat | ||
| 245 |
_aThe Pakistan Penal Code: _b(XLV of 1860) / _cShaukat Mahmood and Nadeem Shaukat |
||
| 260 |
_aLahore : _bLegal Research Centre, _c2023. |
||
| 300 | _avol | ||
| 563 | _aHB. | ||
| 650 |
_aLaw _935302 |
||
| 942 |
_2ddc _cBK |
||
| 999 |
_c613433 _d613433 |
||